| 000 | 01067nam0a2200313 4500 | ||
|---|---|---|---|
| 001 | RU\NLR\bibl\49146 | ||
| 005 | 20250616083344.0 | ||
| 010 |
_a5-88369-118-8 _9250 |
||
| 021 |
_aRU _b99-28616 _91391 |
||
| 035 | _a(NLR Aleph) 000047931 | ||
| 090 |
_a255110 _c255110 |
||
| 100 | _a19990923d1998 |||y0rusy50 ca | ||
| 101 | 0 | _arus | |
| 102 | _aRU | ||
| 105 | _aa ||||||||| | ||
| 200 | 1 |
_aОт Иоанна святое благовествование _f[Гравюры Гюстава Доре] |
|
| 210 |
_aМ. _cЯникО _d1998 |
||
| 215 |
_a267 с. _cил. _d5 |
||
| 300 | _aЗагл. обл.: Евангелие от Иоанна | ||
| 500 | 1 | 1 |
_aБиблия _iН.З. _iЕвангелие от Иоанна _2psbo |
| 605 |
_aБиблия _iНовый Завет _iЕвангелие от Иоанна _92079115 _3RU\NLR\auth\661254988 |
||
| 686 | _aЭ37-220.911.34 | ||
| 801 | 0 |
_aRU _bNLR _c19990923 _gPSBO |
|
| 801 | 1 |
_aRU _bNLR _c19990923 |
|
| 852 |
_aNLR _j72-0/1106 |
||
| 942 | _cBOOK | ||
| 980 | _aNB | ||